000 01206cam a2200385 i 4500
001 18237243
003 OSt
005 20230117123548.0
008 140718s2015 ilua b 001 0 eng
010 _a 2014028466
020 _a9781450470445
035 _a(DNLM)101637179
040 _aDNLM/DLC
_cDLC
_erda
_dDLC
042 _apcc
050 0 0 _aGV361
_b.T47 2015
100 1 _aThomas, Jerry R.,
245 1 0 _aResearch methods in physical activity /
_cJerry R. Thomas, Jack K. Nelson, Stephen J. Silverman.
250 _a7th ed.
264 1 _aChampaign, IL :
_bHuman Kinetics,
_c2015
300 _axv, 479 p :
336 _atext
_2rdacontent
337 _aunmediated
_2rdamedia
338 _avolume
_2rdacarrier
504 _aIncludes bibliographical references and indexes.
650 1 2 _aMotor Activity.
650 2 2 _aKinesiology, Applied.
650 2 2 _aPhysical Education and Training.
650 2 2 _aResearch Design.
650 2 2 _aSports Medicine
_xmethods.
700 1 _aNelson, Jack K.,
_eauthor.
700 1 _aSilverman, Stephen J.,
_eauthor.
906 _a7
_bcbc
_corignew
_d1
_eecip
_f20
_gy-gencatlg
942 _2lcc
_cBK
999 _c19843
_d19842